000 01109nam2a22002531 4500
001 RU\NLR\INFOCOMM5\1000358094
005 20250617070631.0
035 _a(NLR Aleph) 002541126
090 _a2935588
_c2935588
100 _a20040517d1957 |||y0rusy50 ca
101 0 _arus
102 _aRU
105 _ay |||||||||
200 1 _aПортативный ультразвуковой дефектоскоп УЗД-НИИМ-3
_fА.К. Гурвич
210 _d1957
_aБ. м.
461 0 _1001RU\NLR\INFOCOMM5\1000358042
_12001#$aСообщение$fМПС СССР. Науч.-исслед. ин-т мостов при ЛИИЖТ$v№52
_92935129
_aНаучно-исследовательский институт мостов (Ленинград)
_cМ.
_d1953-1959
_fМПС СССР. Науч.-исслед. ин-т мостов при ЛИИЖТ
_nТрансжелдориздат
_tСообщение
_v№52
700 1 _aГурвич
_bА.К.
_4070
801 1 _aRU
_bInfoComm
_c20040517
801 0 _aRU
_bNLR
_gPSBO
852 _aNLR
_jП10/1132
942 _cISSUE
980 _aNB
980 _aRUSPER